000 00789nam a2200253Ia 4500
003 OSt
005 20221005035111.0
006 a|||||r|||| 00| 0
007 ta
008 221004b |||||||| |||| 00| 0 eng d
020 _c250
024 _a4139
037 _b8558, 25/03/2013, Bookwell Publications
_cTextual
040 _aCRL
_cCRL
_beng
041 _2eng
_aeng
082 _aQ70aA, P4
100 _aBijli Shah Muhammad
_9587960
245 0 _aEarly muslim and their contribution to science
_b Ninth to fourteen century
260 _aDelhi
_bIdarah i Adabiyat i Delli India
_c2004
300 _axxii, 196p.
_ccm.
650 _aRELIGION
942 _hQ70aA, P4
_cTEXL
_2cc
999 _c944583
_d944583